01102naa#a2200193#i#4500001001600000005001700016011001400033100004100047102000700088200042300095210005600518215001100574608004500585675010400630700005200734700005800786700005200844856001200896RU\\bibl\12040520260419125516.7##a2782-4586##a20260331b2026####ek#y0rusy0150####ca##aRU1#aЭпистемология систем принудительного труда в условиях неофеодальной трансформации: структурно-функциональный анализ перманентных механизмов эксплуатации в колумбийском социуме постколониального периодаeЖурнальная статья1#aМоскваcУниверситет ИТБОd2026##a14 с.##aЖурнальная статья2local##aЭкономические науки в целом. Политическая экономия. 330#1aАксининаgОльга Сергеевна#1aПетровgСергей Александрович#1aКоролевgАндрей Андреевич4#azhpi.ru